Formule 1 - Victoires de Fernando Alonso - Statistiques

Statistiques générales
  • Ce quiz a été pris 43 fois
  • Le résultat moyen est 20 sur 32
Statistiques - réponses
Victoires % Correct
Valence 2012
96%
Catalogne 2013
88%
Melbourne 2006
76%
Singapour 2008
76%
Monaco 2006
72%
Suzuka 2006
72%
Hungaroring 2003
68%
Magny-Cours 2005
68%
Monaco 2007
68%
Singapour 2010
68%
Catalogne 2006
64%
Monza 2007
64%
Sakhir 2010
64%
Silverstone 2011
64%
Monza 2010
60%
Sakhir 2005
60%
Shanghai 2013
60%
Silverstone 2006
60%
Yeongam 2010
60%
Hockenheim 2010
56%
Mont Fuji 2008
56%
Sakhir 2006
56%
Shanghai 2005
56%
Hockenheim 2005
52%
Hockenheim 2012
52%
Imola 2005
52%
Nürburgring 2005
52%
Sepang 2007
52%
Sepang 2012
52%
Montréal 2006
48%
Nürburgring 2007
48%
Sepang 2005
44%
Aucun quiz correspondant
Distribution des résultats
% des personnes avec chaque résultat
Percentile par nombre de réponses
Votre historique - résultats
Vous n’avez pas pris ce quiz